01715nam a22002657a 450000500170000000800410001702000180005804000070007604100080008308200210009110000160011210000160012824500900014426000350023430000300026936500530029952009570035265000080130965000120131765000330132965000360136265000150139870000180141370000180143120241204143134.0241204b ||||| |||| 00| 0 eng d a9789389891362 cAL aeng 223a342.54bSIVA aS Sivakumar dG Kameswari aArticle Twenty one: bThe Code of life liberty and Dignity in the Indian Constitution aGurgaonbThomson Reutersc2020 axlvii,525p.bHBc24x16cm. 2Lawa1060b766.50c₹d1050.00e27%f28-11-2024 aIn any democracy, it is the duty of the government to adopt appropriate measures to safeguard life by making laws to protect the lives of the country’s citizens. Article 21 of the Constitution of India thus embodies a value of supreme importance. Couched in negative language, the article states that no one shall be deprived of his life or personal liberty except according to the procedure established by law. From static, mechanical and purely literal interpretation of the article in Gopalan characterised as a ‘high water mark of legal positivism’ in 1950, there has been a transformation in the attitude of the apex court towards the protection of life and liberty especially after Maneka in 1978. Article 21, now regarded as the core of fundamental rights, has become a source of many substantive rights for the people. Article 21 is a detailed discussion of the evolution of various facets of the eponymous article over the last 70 years. aLaw aLiberty aRight to Life and Article 21 aRight to Privacy and Article 21 aEmergency  aSIVAKUMAR (S) aKAMESWARI (G)